| 000 | 00564nam a2200229Ia 4500 | ||
|---|---|---|---|
| 003 | OSt | ||
| 005 | 20221005120928.0 | ||
| 006 | a|||||r|||| 00| 0 | ||
| 007 | ta | ||
| 008 | 221004b |||||||| |||| 00| 0 mar d | ||
| 024 | _a46675 | ||
| 037 | _cTextual | ||
| 040 |
_aCRL _cCRL _bmar |
||
| 041 |
_2mar _amar |
||
| 082 | _aV53:1:l9, 155m9 | ||
| 100 |
_aJogalkar J.D. _9629834 |
||
| 245 | 0 | _aFrench rajyakranti | |
| 260 | _c1911 | ||
| 650 | _aHISTORY | ||
| 942 |
_hV53:1:l9, 155m9 _cTEXL _2cc |
||
| 999 |
_c1039574 _d1039574 |
||